| 000 | 01711cam a22004814i 4500 | ||
|---|---|---|---|
| 003 | PE-LiUPU | ||
| 005 | 20250731173523.0 | ||
| 008 | 150616s r 000 0 d | ||
| 020 | _a0801063108 | ||
| 035 | _a(Sirsi) i9780801063107 | ||
| 040 |
_aPE-LiUPU _bspa _cPE-LiUPU _erda |
||
| 049 | _aPRUA | ||
| 082 | 0 | 4 |
_a248.4 _bM12 _221 |
| 100 | 1 |
_aMcDonald, Cleveland, _eautor. |
|
| 245 | 1 | 0 |
_aCreating a Successful Christian Marriage / _cCleveland McDonald & Philip M. McDonald. |
| 264 | 1 |
_aMichigan : _bBaker Books, _c1994. |
|
| 300 |
_a359 páginas ; _c26 centímetros |
||
| 336 |
_atext _2rdacontent |
||
| 337 |
_aunmediated _2rdamedia |
||
| 338 |
_avolume _2rdacarrier |
||
| 504 | _aIncluye bibliografía. | ||
| 505 | 0 | _aThe formation of the family.- Factors in successful marriage.- Forming a marriage relationship- Fellowship in marriage.- Family finances.- Fragmented families.- The future of the family. | |
| 526 | _aSEG42 | ||
| 526 | _aSEG41 | ||
| 526 | _aSEG40 | ||
| 526 | _aSEG39 | ||
| 526 | _aP94 | ||
| 526 | _aP87 | ||
| 526 | _aP86 | ||
| 526 | _aP85 | ||
| 526 | _aP77 | ||
| 526 | _aP76 | ||
| 526 | _aP35 | ||
| 650 | 0 | 4 |
_aMatrimonio _xCristianismo. |
| 700 | 1 |
_aMcDonald, Philip M., _eautor. |
|
| 910 |
_ajck _bjvq _cjck |
||
| 942 |
_2ddc _cBOOK |
||
| 949 |
_a248.4 M12 _wDEWEY _c1 _i42147 _lCCODEBUL1 _mBUL _r0 _sY _tBOOK _u2015-6-16 _xTEOLOGIA _zUNKNOWN _0COMPRA _o.STAFF. Colección General |
||
| 994 |
_aC0 _bPEPRU |
||
| 596 | _a1 | ||
| 999 |
_a248.4 M12 _wDEWEY _c59839 _i42147 _f2021-11-10 _g5 _lCCODEBUL1 _mBUL _r0 _sY _tBOOK _u2015-6-16 _xTEOLOGIA _zUNKNOWN _0COMPRA _o.STAFF. Colección General _d59839 |
||
| 980 |
_81 _gALBERTO SANCHEZ Responsable de Automatización |
||